• 首页
  • 本馆介绍
  • 公告通知
  • 最新文献
  • 馆藏检索
  • 电子资源
  • 读者导购
  • 参考咨询
  • 我的图书馆
  • 登录
  • 详细信息显示
  • 放入我的书架
  • 预约/预借图书
  • 作者相关作品
  • 分类相关作品
  • 丛书相关作品
  • 出版社相关作品

书目信息

  • 表格格式
  • 工作单格式
  • 卡片格式
题名:
华为目标管理法
    
 
作者: 郭楚凡 , 黄艳平 著
分册:  
出版信息: 北京   电子工业出版社  2018
页数: 224页
开本: 25cm
丛书名: 华为精准管理丛书
单 册:
中图分类: F632.765.3
科图分类:
主题词: 通信--tong xin--邮电企业--企业管理--目标管理--深圳
电子资源:
ISBN: 978-7-121-33736-9
000 01410nam 2200289 45
001 438719
005 20140102084046.0
010    @a978-7-121-33736-9@b精装@dCNY55.00
099    @aCAL 012018045858
100    @a20180426d2018 em y0chiy50 ea
101 0  @achi
102    @aCN@b110000
105    @aak a 000yy
106    @ar
200 1  @a华为目标管理法@Ahua wei mu biao guan li fa@f郭楚凡, 黄艳平著
210    @a北京@c电子工业出版社@d2018
215    @a224页@c图@d25cm
225 2  @a华为精准管理丛书@Ahua wei jing zhun guan li cong shu
320    @a有书目 (第223-224页)
330    @a本书内容简介:华为有着明确的发展目标,每一个目标华为都能认真对待,并且在科学的目标管理制度下,绝大多数目标都能在规定时间内高质量达成,帮助华为奠定了今天的市场地位。本书作者在华为有多年的工作经历,参与了多个任务的目标管理工作,对华为目标管理的制度和流程相当熟悉。本书从目标确定、沟通、控制、规划实施、检查、评价七个方面来全面解读华为的目标管理制度和关键行动,让读者对华为目标管理的全流程有一个清晰的认识。本书采用理论与案例结合的编写方式,便于读者理解,为企业的大小目标管理人员提供管理理论与技术指导,以提高企业的目标管理效率。
410  0 @12001 @a华为精准管理丛书
606 0  @a通信@Atong xin@x邮电企业@x企业管理@x目标管理@y深圳
690    @aF632.765.3@v5
701  0 @a郭楚凡@Aguo chu fan@4著
701  0 @a黄艳平@Ahuang yan ping@4著
801  2 @aCN@b上海新华@c20191020
905    @b1186166-9@dF632.765.3@e21@f4
    
    华为目标管理法/郭楚凡, 黄艳平著.-北京:电子工业出版社,2018
    224页:图;25cm.-(华为精准管理丛书)
    
    
    ISBN 978-7-121-33736-9(精装):CNY55.00
    本书内容简介:华为有着明确的发展目标,每一个目标华为都能认真对待,并且在科学的目标管理制度下,绝大多数目标都能在规定时间内高质量达成,帮助华为奠定了今天的市场地位。本书作者在华为有多年的工作经历,参与了多个任务的目标管理工作,对华为目标管理的制度和流程相当熟悉。本书从目标确定、沟通、控制、规划实施、检查、评价七个方面来全面解读华为的目标管理制度和关键行动,让读者对华为目标管理的全流程有一个清晰的认识。本书采用理论与案例结合的编写方式,便于读者理解,为企业的大小目标管理人员提供管理理论与技术指导,以提高企业的目标管理效率。
●
相关链接 在E读中查询图书 在五车中查询图书 在当当中查询图书 在豆瓣中查询图书


正题名:华为目标管理法     索取号:F632.765.3/21         预约/预借

序号 登录号 条形码 馆藏地/架位号 状态 备注
1 1186166   211861662   第一样本阅览室/ [索取号:F632.765.3/21] 在馆    
2 1186167   211861671   第一借阅区/ [索取号:F632.765.3/21] 在馆    
3 1186168   211861680   第一借阅区/ [索取号:F632.765.3/21] 在馆    
4 1186169   211861699   第一借阅区/ [索取号:F632.765.3/21] 在馆    
唐山师范学院图书馆 欢迎您!
大连网信软件有限公司© 版权所有